LIBRARY & INFORMATION CENTRE, KCAET, TAVANUR

ONLINE PUBLIC ACCESS CATALOGUE (OPAC)

Introduction to Nanotechnology (Record no. 17331)

MARC details
000 -LEADER
fixed length control field 00359nam a22001457a 4500
003 - CONTROL NUMBER IDENTIFIER
control field OSt
008 - FIXED-LENGTH DATA ELEMENTS--GENERAL INFORMATION
fixed length control field 210205b ||||| |||| 00| 0 eng d
020 ## - INTERNATIONAL STANDARD BOOK NUMBER
ISBN 9789382006480
082 ## - DEWEY DECIMAL CLASSIFICATION NUMBER
Classification number 620.43
Item number SUH/IN
100 ## - MAIN ENTRY--AUTHOR NAME
Personal name Bhattacharya, Suhas
245 ## - TITLE STATEMENT
Title Introduction to Nanotechnology
260 ## - PUBLICATION, DISTRIBUTION, ETC. (IMPRINT)
Place of publication New Delhi
Name of publisher Wisdom Press
Year of publication 2013
300 ## - PHYSICAL DESCRIPTION
Number of Pages 295
942 ## - ADDED ENTRY ELEMENTS (KOHA)
Koha item type Books
Holdings
Withdrawn status Lost status Damaged status Collection code Home library Current library Shelving location Date acquired Cost, normal purchase price Full call number Accession Number Koha item type
      General Books KAUAET KAUAET General Stacks 05/02/2021 1050.00 620.43 SUH/IN 23754 Books
free website counter